3 in One Quiz Stats

Quiz not verified by Sporcle

Challenge
Share
Tweet
Embed
Score 0/18 Timer 02:00
0 Plays Today
Clues Answer % Correct
A spot not easily removed.Stain
93.8%
A fabric having a smooth glossy appearance.Satin
90.6%
A person of great holiness.Saint
87.5%
An international fellowship of high I.Q.'s.Mensa
87.5%
To moisten cooking meat with liquid drippings.Baste
84.4%
Any nonhuman animal; if human - cruel & filthy.Beast
75%
More than one expression of prayer agreements.Amens
71.9%
Available resources; considerable financial riches.Means
65.6%
To strike violently.Beats
53.1%
Clues Answer % Correct
To find the answer or explanation.Solve
34.4%
Tiny mouselike rodents.Voles
31.3%
Someone who pretends to belong to a group.Poser
28.1%
A line composed of strands twisted together of braided wire, flax or other matieral.Ropes
25%
The ordinary form of the spoken or written word.Prose
25%
A profoundly tender feeling for another.Loves
25%
To utter aloud or render in speech the printed word.Reads
18.8%
To have the boldness to try.Dares
18.8%
More than one beloved friend.Dears
15.6%

You're not logged in!

Compare scores with friends on all Sporcle quizzes.
Join for Free
OR
Log In

You Might Also Like...

Show Comments

Extras

Top Quizzes Today


Score Distribution

Your Account Isn't Verified!

In order to create a playlist on Sporcle, you need to verify the email address you used during registration. Go to your Sporcle Settings to finish the process.

Report this User

Report this user for behavior that violates our Community Guidelines.

Details: